000 00819nam a2200229 4500
005 20150612103556.0
010 _aBAC-EN21 ENG-111615
020 _a9789331324122
_c295.00
035 _aEN-95147
035 _aB-578666-696
037 _bPrabhat Prakashan/Ven
_adpl
037 _bDBAD/PUB
082 _a025.00285
100 _aTiwari, Purushotham
245 _aInformation technology and libraries /
_cby Purushotham Tiwari
260 _aNew Delhi
_bAPH Publishing
_c2014
270 _a4435-36/7,Ansari Road,Darya Ganj
_bNew Delhi
_e110002
300 _aviii,256p.
_c22cm(pbk)
500 _aIncludes bibliographical references and index
942 _2ddc
_cEN
_mTIW
_h025.00285
999 _c89685
_d89685